Harry Potter Zitate #4 - Statistiken

Allgemein
  • Dieses Quiz wurde 1.534 mal gespielt
  • Das Durchschnittsergebnis liegt bei 11 aus 15
Antwortstatistiken
Zitat Charaktär % Korrekt
Wenn mein Vater davon erfährt … Draco Malfoy
99%
Fang ist ein ziemlicher Feigling. Rubeus Hagrid
92%
Es verlangt sehr viel Tapferkeit, sich seinen Feinden in den Weg zu stellen, aber wesentlich mehr noch, sich seinen Freunden in den Weg zu stellen. Albus Dumbledore
91%
Mit dem Wahnsinn im Inneren müsstest du dich ja bestens auskennen, oder, Remus. Sirius Black
89%
Du bist der, der schwach ist. Du wirst nie wissen, was Liebe ist. Und deswegen kannst du mir nur leidtun. Harry Potter
87%
Grawp! Lass mich sofort runter! Hermine Granger
87%
Lachen Sie ruhig, Mr. Finnegan, aber Wichtel sind verteufelt trickreiche keine Biester. Gilderoy Lockhart
84%
Avada Kedavra… der tödliche Fluch. Wir kennen nur einen Menschen, der ihn überlebt hat und der sitzt hier vor mir. Alastor Moody
78%
Die Beschädigung der Peitschenden Weide kommt erschwerend hinzu. Dieser wertvolle Baum stand dort bereits vor ihrer Geburt. Severus Snape
78%
Hast du jemanden aufgespürt? Argus Filch
64%
Ungezogener Bengel! Stolziert hier rum, frech wie sonst was! Kreacher
61%
Pig, Schnauze! Ron Weasley
55%
Meine Interessen sind selbstverständlich akademischer Natur! Horace Slughorn
51%
Mut entschuldigt keine Dummheit – diese Lektion hat selbst Ihr Vater nicht immer beherzigt. Minerva McGonagall
51%
Die fliegenden Teppiche haben wohl alle Löcher, was? Vernon Dursley
28%
Keine übereinstimmenden Quizze gefunden
Verteilung der Resultate
Anzahl Personen mit jedem Resultat
Perzentil nach korrekt beantworteten Fragen
Ihre Resultats-Entwicklung
Sie haben dieses Quiz noch nicht gespielt